[Event "HUN-chT2 Toth 1819"]
[Site "Hungary"]
[Date "2019.03.31"]
[Round "10.6"]
[White "Gombos, Janos"]
[Black "Keresztes, Mark"]
[Result "1-0"]
[WhiteElo "1964"]
[BlackElo "1993"]
[PlyCount "103"]
[EventDate "2018.09.23"]
[EventType "team-tourn"]
[EventRounds "11"]
[EventCountry "HUN"]
[SourceTitle "EXT 2021"]
[Source "ChessBase"]
[SourceDate "2020.10.23"]
[SourceVersion "1"]
[SourceVersionDate "2020.10.23"]
[SourceQuality "1"]
[WhiteTeam "Gyula"]
[BlackTeam "Kecskemet Toth Laszlo II"]
[WhiteTeamCountry "HUN"]
[BlackTeamCountry "HUN"]

1. e4 Nc6 2. Nc3 d6 3. d4 g6 4. Be3 Bg7 5. Qd2 a6 6. Nge2 e6 7. f3 b6 8. 0-0-0 Bb7 9. d5 Nb8 10. dxe6 fxe6 11. Nf4 Qe7 12. Bc4 Bc8 13. h4 Nc6 14. g4 b5 15. Bb3 a5 16. Nxb5 a4 17. Bxe6 Rb8 18. Bxc8 Rxb5 19. c3 Na5 20. Qd3 Rb8 21. Be6 Be5 22. Bxg8 Rxg8 23. Qd5 Qf7 24. Qxf7+ Kxf7 25. Nd3 Bg7 26. Bd4 Bf8 27. g5 c5 28. Bf6 a3 29. bxa3 Nc4 30. a4 Be7 31. Bxe7 Kxe7 32. e5 dxe5 33. Nxe5 Nxe5 34. Rhe1 Rb7 35. Rxe5+ Kf7 36. Rxc5 Ra8 37. Rd4 Ke6 38. f4 Ra6 39. Re5+ Kf7 40. Kc2 Rc7 41. Kb3 Rac6 42. c4 Rb6+ 43. Rb5 Re6 44. a5 Re3+ 45. Kb4 Re2 46. a3 Rb2+ 47. Ka4 Ra2 48. a6 Ke6 49. Rb7 Rc6 50. Kb5 Rc8 51. a4 Kf5 52. Rdd7 1-0

[Event "HUN-chT2 Toth 1718"]
[Site "Hungary"]
[Date "2017.12.17"]
[Round "6.5"]
[White "Gombos, Janos"]
[Black "Papp, Zoltan"]
[Result "1/2-1/2"]
[WhiteElo "1966"]
[BlackElo "1894"]
[PlyCount "105"]
[EventDate "2017.09.24"]
[EventType "team-tourn"]
[EventRounds "11"]
[EventCountry "HUN"]
[SourceTitle "EXT 2021"]
[Source "ChessBase"]
[SourceDate "2020.10.23"]
[SourceVersion "1"]
[SourceVersionDate "2020.10.23"]
[SourceQuality "1"]
[WhiteTeam "Gyula"]
[BlackTeam "Kecskemet Toth Laszlo II"]
[WhiteTeamCountry "HUN"]
[BlackTeamCountry "HUN"]

1. e4 d5 2. exd5 Qxd5 3. Nc3 Qa5 4. d4 Nf6 5. Nf3 Bf5 6. Bc4 e6 7. 0-0 Bd6 8. Bd2 c6 9. Nb5 Qd8 10. Nxd6+ Qxd6 11. Re1 0-0 12. c3 Nbd7 13. Qe2 Rfe8 14. Rad1 Rad8 15. Bg5 h6 16. Bh4 Bg4 17. h3 Bh5 18. g4 Bg6 19. Ne5 Bh7 20. Qf3 Rc8 21. Bg3 Qe7 22. h4 Nxe5 23. dxe5 Nd5 24. Bb3 Red8 25. c4 Nb6 26. Rd6 Rd7 27. Red1 Rcd8 28. R1d2 Nc8 29. Rxd7 Rxd7 30. Qd1 Rxd2 31. Qxd2 Nb6 32. Qd4 Qd7 33. Qxd7 Nxd7 34. f4 Bd3 35. Kf2 Nb6 36. c5 Nd7 37. Ke3 Nxc5 38. Bd1 Bb1 39. a3 Kf8 40. Be1 Ke8 41. Bc3 Kd8 42. Bd4 Nd7 43. b4 Nb6 44. Bb3 Nd5+ 45. Bxd5 exd5 46. Bxa7 g6 47. Kd4 Kd7 48. Bc5 Ke6 49. Bf8 h5 50. gxh5 gxh5 51. Bh6 Bc2 52. Bf8 Ba4 53. Ke3 1/2-1/2

[Event "HUN-chT2 Toth 1617"]
[Site "Hungary"]
[Date "2017.03.12"]
[Round "10.6"]
[White "Gombos, Janos"]
[Black "Szili, Istvan"]
[Result "1/2-1/2"]
[WhiteElo "1979"]
[BlackElo "1966"]
[PlyCount "134"]
[EventDate "2016.09.25"]
[EventType "team-tourn"]
[EventRounds "11"]
[EventCountry "HUN"]
[SourceTitle "EXT 2021"]
[Source "ChessBase"]
[SourceDate "2020.10.23"]
[SourceVersion "1"]
[SourceVersionDate "2020.10.23"]
[SourceQuality "1"]
[WhiteTeam "Gyula"]
[BlackTeam "Kecskemet Takisz"]
[WhiteTeamCountry "HUN"]
[BlackTeamCountry "HUN"]

1. e4 e6 2. d4 d5 3. Nc3 Nf6 4. e5 Nfd7 5. f4 a6 6. Nf3 c5 7. Be3 Nc6 8. Qd2 cxd4 9. Nxd4 Bc5 10. Nxc6 bxc6 11. Bxc5 Nxc5 12. Qd4 Qb6 13. b4 Nd7 14. Qxb6 Nxb6 15. Bd3 a5 16. Rb1 a4 17. Ne2 Ba6 18. Nd4 Bxd3 19. cxd3 Kd7 20. a3 Nc8 21. Rc1 Ne7 22. Ke2 f6 23. Rc5 fxe5 24. fxe5 Rac8 25. Rhc1 Rhf8 26. Ra5 Ra8 27. Rxa8 Rxa8 28. Rc5 Ra6 29. Ke3 Nf5+ 30. Nxf5 exf5 31. Kf4 Ke6 32. Ra5 Rb6 33. d4 Rb7 34. h4 g6 35. Ra6 Rc7 36. Rxa4 h6 37. Ra6 g5+ 38. hxg5 hxg5+ 39. Kxg5 Rg7+ 40. Kf4 Rg4+ 41. Ke3 Kd7 42. a4 Rxg2 43. a5 Rg3+ 44. Kf4 Rg4+ 45. Kxf5 Rxd4 46. Rb6 Kc7 47. e6 Re4 48. b5 cxb5 49. Rxb5 Kd6 50. a6 Re5+ 51. Kf4 Re4+ 52. Kf3 Ra4 53. Rb6+ Ke7 54. Ke3 Kd8 55. Kd3 Ke7 56. Kc3 Kf6 57. Kb3 Ra1 58. Kb4 d4 59. Kc4 Ra4+ 60. Kd3 Ke7 61. Ke4 Ke8 62. Rc6 Ke7 63. Ke5 d3 64. Rc7+ Ke8 65. a7 d2 66. Rd7 Rxa7 67. Rxd2 Ke7 1/2-1/2

[Event "HUN-chT2 Toth 1617"]
[Site "Hungary"]
[Date "2016.11.13"]
[Round "4.5"]
[White "Tenk, Zoltan"]
[Black "Gombos, Janos"]
[Result "0-1"]
[WhiteElo "1899"]
[BlackElo "1979"]
[PlyCount "56"]
[EventDate "2016.09.25"]
[EventType "team-tourn"]
[EventRounds "11"]
[EventCountry "HUN"]
[SourceTitle "EXT 2021"]
[Source "ChessBase"]
[SourceDate "2020.10.23"]
[SourceVersion "1"]
[SourceVersionDate "2020.10.23"]
[SourceQuality "1"]
[WhiteTeam "Szeged Maroczy II"]
[BlackTeam "Gyula"]
[WhiteTeamCountry "HUN"]
[BlackTeamCountry "HUN"]

1. d4 Nf6 2. c4 g6 3. Nc3 Bg7 4. e4 d6 5. Nf3 0-0 6. Be2 e5 7. d5 Nbd7 8. 0-0 Nc5 9. Qc2 a5 10. Be3 Nfd7 11. Nd2 f5 12. f4 exf4 13. Bxf4 Ne5 14. Be3 Qe7 15. Rae1 Bd7 16. Bxc5 dxc5 17. exf5 Bxf5 18. Qb3 b6 19. Nf3 Rae8 20. Qd1 Qd8 21. Qd2 Ng4 22. Bd3 Bh6 23. Rxe8 Rxe8 24. Qc2 Ne3 25. Qb1 Bxd3 26. Qxd3 Nxf1 27. Qxf1 Re3 28. Qd1 Qf6 0-1

[Event "HUN-chT2 Toth 1617"]
[Site "Hungary"]
[Date "2016.10.09"]
[Round "2.5"]
[White "Kovacs, Robert"]
[Black "Gombos, Janos"]
[Result "1/2-1/2"]
[WhiteElo "2117"]
[BlackElo "1979"]
[PlyCount "62"]
[EventDate "2016.09.25"]
[EventType "team-tourn"]
[EventRounds "11"]
[EventCountry "HUN"]
[SourceTitle "EXT 2021"]
[Source "ChessBase"]
[SourceDate "2020.10.23"]
[SourceVersion "1"]
[SourceVersionDate "2020.10.23"]
[SourceQuality "1"]
[WhiteTeam "Karcag"]
[BlackTeam "Gyula"]
[WhiteTeamCountry "HUN"]
[BlackTeamCountry "HUN"]

1. d4 Nf6 2. Nf3 g6 3. c4 Bg7 4. g3 0-0 5. Bg2 c6 6. 0-0 d6 7. Nc3 Nbd7 8. e4 e5 9. h3 Qc7 10. Be3 b6 11. Re1 Bb7 12. Rc1 Rad8 13. Qd2 Rfe8 14. b3 Nf8 15. d5 Qe7 16. Bg5 c5 17. Nh2 a6 18. Rf1 Bc8 19. Rb1 Rd7 20. Ng4 Rb7 21. Nh6+ Kh8 22. f4 Bxh6 23. Bxh6 Ng8 24. fxe5 Nxh6 25. Qxh6 Qxe5 26. Ne2 Kg8 27. Rf2 Qg7 28. Qxg7+ Kxg7 29. Rbf1 h6 30. Rf6 Rd8 31. Nc3 Nh7 1/2-1/2

[Event "HUN-chT2 Toth 1516"]
[Site "Hungary"]
[Date "2015.09.26"]
[Round "2.4"]
[White "Toth, Kazmer"]
[Black "Gombos, Janos"]
[Result "1/2-1/2"]
[WhiteElo "1944"]
[BlackElo "1996"]
[PlyCount "92"]
[EventDate "2015.09.13"]
[EventType "team-tourn"]
[EventRounds "11"]
[EventCountry "HUN"]
[SourceTitle "CBM 170 Extra"]
[Source "ChessBase"]
[SourceDate "2016.02.25"]
[SourceVersion "1"]
[SourceVersionDate "2016.02.25"]
[SourceQuality "1"]
[WhiteTeam "Felegyhaza Csongrad"]
[BlackTeam "Gyula"]
[WhiteTeamCountry "HUN"]
[BlackTeamCountry "HUN"]

1. c4 Nf6 2. Nc3 d6 3. g3 g6 4. Bg2 Bg7 5. e4 0-0 6. Nge2 e5 7. 0-0 Nc6 8. d3 a6 9. a3 Be6 10. h3 Nd7 11. Nd5 Ne7 12. Be3 c6 13. Nxe7+ Qxe7 14. Rc1 f5 15. Qd2 Nf6 16. Bg5 Qd7 17. Kh2 Rf7 18. f4 h6 19. Bxf6 Bxf6 20. b3 Raf8 21. Rcd1 Bg7 22. exf5 gxf5 23. d4 Re7 24. fxe5 dxe5 25. dxe5 Qxd2 26. Rxd2 Bxe5 27. Nf4 Bxf4 28. Rxf4 Rfe8 29. Rfd4 Kg7 30. Bf3 Bf7 31. Rd7 Be6 32. R7d6 Bf7 33. Rd7 Be6 34. Rxe7+ Rxe7 35. Kg2 Rd7 36. Rxd7+ Bxd7 37. Kf2 Kf6 38. Ke3 Ke5 39. b4 Be6 40. b5 Bxc4 41. bxc6 bxc6 42. Bxc6 Bf1 43. h4 a5 44. Bf3 Bb5 45. Bb7 Bf1 46. Bf3 Bb5 1/2-1/2

[Event "HUN-chT2 Toth 1213"]
[Site "Hungary"]
[Date "2013.04.07"]
[Round "10.7"]
[White "Gombos, Janos"]
[Black "Restas, Peter"]
[Result "0-1"]
[WhiteElo "2052"]
[BlackElo "2206"]
[PlyCount "73"]
[EventDate "2012.09.16"]
[EventType "team-tourn"]
[EventRounds "11"]
[EventCountry "HUN"]
[SourceTitle "EXT 2014"]
[Source "ChessBase"]
[SourceDate "2013.11.20"]
[SourceVersion "1"]
[SourceVersionDate "2013.11.20"]
[SourceQuality "1"]
[WhiteTeam "Gyula"]
[BlackTeam "Mako II"]
[WhiteTeamCountry "HUN"]
[BlackTeamCountry "HUN"]

1. e4 c5 2. Nf3 d6 3. d4 cxd4 4. Nxd4 Nf6 5. Nc3 a6 6. Bg5 e6 7. f4 h6 8. Bh4 Qb6 9. a3 Nbd7 10. Bf2 Qc7 11. Nb3 Be7 12. Be2 g5 13. Qd2 gxf4 14. Qxf4 Ne5 15. Nd2 Bd7 16. Qe3 0-0-0 17. Qa7 Rdg8 18. Qa8+ Qb8 19. Qxb8+ Kxb8 20. Bg3 Nfg4 21. Nf3 f6 22. Nxe5 dxe5 23. Bf3 Ne3 24. Kd2 Nc4+ 25. Kc1 Bc6 26. Bf2 f5 27. h4 Rf8 28. Re1 Rhg8 29. Rb1 b5 30. Re2 a5 31. exf5 Bxf3 32. gxf3 Rxf5 33. Ne4 Rxf3 34. c3 Rg2 35. Kc2 Bxh4 36. Ba7+ Kxa7 37. Rxg2 0-1

[Event "HUN-chT2 Toth 1112"]
[Site "Hungary"]
[Date "2012.05.20"]
[Round "11.7"]
[White "Gombos, Janos"]
[Black "Berta, Sandor Martin"]
[Result "1/2-1/2"]
[WhiteElo "2027"]
[BlackElo "1850"]
[PlyCount "112"]
[EventDate "2011.09.25"]
[EventType "team-tourn"]
[EventRounds "11"]
[EventCountry "HUN"]
[SourceTitle "EXT 2013"]
[Source "ChessBase"]
[SourceDate "2012.11.22"]
[SourceVersion "1"]
[SourceVersionDate "2012.11.22"]
[SourceQuality "1"]
[WhiteTeam "Gyula"]
[BlackTeam "Toth Laszlo"]
[WhiteTeamCountry "HUN"]
[BlackTeamCountry "HUN"]

1. e4 c5 2. Nf3 e6 3. d4 cxd4 4. Nxd4 a6 5. Nc3 Qc7 6. Bd3 Nf6 7. Be3 Bb4 8. Bd2 Bc5 9. Nb3 Ba7 10. 0-0 Nc6 11. Qe2 d6 12. Be3 Bb8 13. f4 h5 14. h3 h4 15. Qf2 b5 16. a3 Bb7 17. Rae1 Qe7 18. Bb6 Nh5 19. Ne2 e5 20. f5 g5 21. f6 Qd7 22. Qf5 Qxf5 23. Rxf5 Rg8 24. Rf3 Nf4 25. Nc3 Ba7 26. Bxa7 Nxa7 27. Na5 Bc8 28. Nd5 Kd8 29. Nxf4 gxf4 30. Rd1 Rg6 31. c4 Rxf6 32. c5 Kc7 33. Rc1 Nc6 34. Nxc6 Kxc6 35. cxd6+ Kxd6 36. Be2 Rg6 37. Rd3+ Ke7 38. Rc7+ Kf6 39. Rd6+ Kg7 40. Rd8 Bb7 41. Rxa8 Bxa8 42. Bf3 Rd6 43. Ra7 Bc6 44. Rxa6 Rg6 45. Ra7 Rd6 46. Rc7 Bd7 47. Kf1 Be6 48. Be2 Rd2 49. Rc5 Bc4 50. Bxc4 bxc4 51. Rxc4 Rxb2 52. Rc5 Kf6 53. Rc6+ Kg5 54. Rc5 Kf6 55. Rc6+ Kg5 56. Rc5 f6 1/2-1/2

[Event "HUN-chT2 Toth 1011"]
[Site "Hungary"]
[Date "2010.11.21"]
[Round "6.8"]
[White "Gombos, Janos"]
[Black "Nagy, Jozsef"]
[Result "1-0"]
[WhiteElo "2024"]
[BlackElo "1903"]
[PlyCount "95"]
[EventDate "2010.09.12"]
[EventType "team-tourn"]
[EventRounds "11"]
[EventCountry "HUN"]
[SourceTitle "EXT 2012"]
[Source "ChessBase"]
[SourceDate "2011.11.24"]
[SourceVersion "1"]
[SourceVersionDate "2011.11.24"]
[SourceQuality "1"]
[WhiteTeam "Gyula"]
[BlackTeam "Csongrad Felegyhaza"]
[WhiteTeamCountry "HUN"]
[BlackTeamCountry "HUN"]

1. e4 c6 2. d4 d5 3. Nc3 dxe4 4. Nxe4 Bf5 5. Ng3 Bg6 6. h4 h6 7. Nf3 e6 8. h5 Bh7 9. Bd3 Bxd3 10. Qxd3 Bd6 11. Ne4 Bc7 12. Bd2 Nd7 13. 0-0-0 Ngf6 14. Nxf6+ Nxf6 15. Kb1 Qd5 16. Rde1 0-0-0 17. c4 Qd7 18. Qe2 Rhe8 19. Bc3 Rg8 20. Ne5 Qe8 21. f4 Bb6 22. Rd1 Nd7 23. g4 Nxe5 24. dxe5 Qe7 25. b4 Rge8 26. Kc2 a6 27. a4 c5 28. b5 axb5 29. cxb5 Qc7 30. Qc4 Kb8 31. Kb3 Qe7 32. a5 Rxd1 33. Rxd1 Rd8 34. Rd3 Rxd3 35. Qxd3 Bd8 36. Qd6+ Kc8 37. Kc4 Qe8 38. Qxc5+ Kb8 39. Bd4 Bc7 40. Qa7+ Kc8 41. Qa8+ Kd7 42. Qxe8+ Kxe8 43. a6 bxa6 44. bxa6 Bb8 45. Kb5 Ke7 46. Kc6 f6 47. Kb7 fxe5 48. fxe5 1-0

[Event "HUN-chT2 Toth 1011"]
[Site "Hungary"]
[Date "2010.11.07"]
[Round "5.7"]
[White "Gombos, Janos"]
[Black "Botta, Tibor"]
[Result "1-0"]
[WhiteElo "2024"]
[BlackElo "1984"]
[PlyCount "89"]
[EventDate "2010.09.12"]
[EventType "team-tourn"]
[EventRounds "11"]
[EventCountry "HUN"]
[SourceTitle "EXT 2012"]
[Source "ChessBase"]
[SourceDate "2011.11.24"]
[SourceVersion "1"]
[SourceVersionDate "2011.11.24"]
[SourceQuality "1"]
[WhiteTeam "Gyula"]
[BlackTeam "Takisz"]
[WhiteTeamCountry "HUN"]
[BlackTeamCountry "HUN"]

1. e4 e6 2. d4 d5 3. Nc3 Bb4 4. e5 c5 5. a3 cxd4 6. axb4 dxc3 7. Qg4 cxb2 8. Bxb2 g6 9. Nf3 Nh6 10. Qf4 Nf5 11. g4 Ng7 12. Qh6 Kf8 13. Bd3 Kg8 14. h4 Qf8 15. Ba3 Ne8 16. Qf4 Qg7 17. g5 Bd7 18. b5 a6 19. Be7 h5 20. Qe3 Bc8 21. Nd4 Nd7 22. f4 Nc7 23. bxa6 bxa6 24. Nc6 Qh7 25. Kf2 Kg7 26. Rhb1 Qg8 27. Bd6 Ne8 28. Ne7 Qh7 29. Ba3 Nc7 30. Bd6 Ne8 31. Bc5 Nc7 32. Qd4 Re8 33. Bd6 Rb8 34. Rxb8 Nxb8 35. Bxc7 Rxe7 36. Bxb8 Qg8 37. Bd6 Rd7 38. Bxa6 Bxa6 39. Rxa6 Qc8 40. Ra2 Rb7 41. Qc5 Qd7 42. Ra8 Rb2 43. Bf8+ Kh7 44. Bh6 Qb7 45. Rh8+ 1-0

[Event "HUN-chT2 Toth 1011"]
[Site "Hungary"]
[Date "2010.10.24"]
[Round "4.8"]
[White "Gombos, Janos"]
[Black "Csiki, Levente"]
[Result "1-0"]
[WhiteElo "2024"]
[BlackElo "1937"]
[PlyCount "109"]
[EventDate "2010.09.12"]
[EventType "team-tourn"]
[EventRounds "11"]
[EventCountry "HUN"]
[SourceTitle "EXT 2012"]
[Source "ChessBase"]
[SourceDate "2011.11.24"]
[SourceVersion "1"]
[SourceVersionDate "2011.11.24"]
[SourceQuality "1"]
[WhiteTeam "Gyula"]
[BlackTeam "Szolnok"]
[WhiteTeamCountry "HUN"]
[BlackTeamCountry "HUN"]

1. e4 e5 2. Nf3 Nc6 3. Bb5 Bc5 4. 0-0 d6 5. c3 Bg4 6. d3 h6 7. Nbd2 Nge7 8. Re1 0-0 9. Nf1 a6 10. Ba4 b5 11. Bc2 b4 12. h3 Bh5 13. Ng3 Bg6 14. Be3 Bxe3 15. fxe3 bxc3 16. bxc3 f5 17. Bb3+ Kh8 18. exf5 Nxf5 19. Nxf5 Bxf5 20. e4 Bd7 21. Qd2 Bxh3 22. Kf2 Bg4 23. Rh1 Rf4 24. Bd5 Qg5 25. Ke1 Bxf3 26. gxf3 Raf8 27. Bxc6 Qg3+ 28. Qf2 Qg5 29. Rh3 Rg4 30. Kf1 Rgf4 31. Rb1 Qg4 32. fxg4 Rxf2+ 33. Kg1 Rxa2 34. Rh2 Ra3 35. Rc2 Rf3 36. Bd7 Rxd3 37. Bf5 Kg8 38. Bg6 Rf3 39. Rb8+ Rf8 40. Bh7+ Kf7 41. Rf2+ Ke6 42. Rbxf8 Rxc3 43. R8f3 Rc4 44. Re2 a5 45. Kg2 a4 46. Ra3 Kf6 47. Kf3 Ke6 48. Rea2 d5 49. exd5+ Kxd5 50. Rxa4 Rc3+ 51. Kf2 Ke6 52. Re2 Kd5 53. Ra5+ c5 54. Ra7 g5 55. Re7 1-0

[Event "HUN-chT2 Toth 1011"]
[Site "Hungary"]
[Date "2010.09.12"]
[Round "1.5"]
[White "Gombos, Janos"]
[Black "Pacal, Mihaly"]
[Result "1/2-1/2"]
[WhiteElo "2024"]
[BlackElo "2136"]
[PlyCount "85"]
[EventDate "2010.09.12"]
[EventType "team-tourn"]
[EventRounds "11"]
[EventCountry "HUN"]
[SourceTitle "EXT 2012"]
[Source "ChessBase"]
[SourceDate "2011.11.24"]
[SourceVersion "1"]
[SourceVersionDate "2011.11.24"]
[SourceQuality "1"]
[WhiteTeam "Gyula"]
[BlackTeam "Roszke"]
[WhiteTeamCountry "HUN"]
[BlackTeamCountry "HUN"]

1. e4 c5 2. Nf3 Nc6 3. d4 cxd4 4. Nxd4 Qc7 5. Nc3 e6 6. Ndb5 Qb8 7. Be3 a6 8. Nd4 Nf6 9. a3 Qc7 10. Be2 Be7 11. 0-0 0-0 12. Qd2 Ne5 13. b3 b5 14. f4 Neg4 15. e5 Nxe3 16. Qxe3 Ne8 17. b4 f5 18. Bf3 Bb7 19. Nce2 g6 20. Rac1 Rc8 21. c3 Qb8 22. Qd3 Nc7 23. c4 bxc4 24. Rxc4 Nd5 25. Rfc1 Nb6 26. Rxc8 Rxc8 27. Rxc8+ Qxc8 28. Bxb7 Qxb7 29. Nc3 Qc7 30. Kf2 Qb7 31. Nb3 Bh4+ 32. g3 Be7 33. Qd4 Bd8 34. Nc5 Qh1 35. h4 Qh2+ 36. Kf3 Qh1+ 37. Kf2 Qh2+ 38. Kf3 Qh1+ 39. Kf2 Qh2+ 40. Kf3 Qh1+ 41. Kf2 Qh2+ 42. Kf3 Qh1+ 43. Kf2 1/2-1/2

[Event "HUN-chT2 Maroczy 0910"]
[Site "Hungary"]
[Date "2010.04.18"]
[Round "10"]
[White "Gombos, Janos"]
[Black "Ujhazi, Mihaly"]
[Result "1-0"]
[WhiteElo "2037"]
[BlackElo "2136"]
[PlyCount "55"]
[EventDate "2009.11.08"]
[EventType "team-tourn"]
[EventRounds "11"]
[EventCountry "HUN"]
[SourceTitle "EXT 2011"]
[Source "ChessBase"]
[SourceDate "2010.11.26"]
[SourceVersion "1"]
[SourceVersionDate "2010.11.26"]
[SourceQuality "1"]
[WhiteTeam "Gyula"]
[BlackTeam "Maroczy"]
[WhiteTeamCountry "HUN"]
[BlackTeamCountry "HUN"]

1. e4 e5 2. Nf3 Nc6 3. Nc3 Nf6 4. Bb5 Bc5 5. 0-0 d6 6. d4 exd4 7. Nxd4 Bd7 8. Nxc6 Bxc6 9. Bxc6+ bxc6 10. Bg5 h6 11. Bh4 g5 12. Bg3 Qe7 13. e5 dxe5 14. Bxe5 0-0 15. Re1 Rad8 16. Qf3 Nd5 17. Bg7 Kxg7 18. Rxe7 Bxe7 19. Ne4 f5 20. Ng3 f4 21. Ne4 Rf5 22. c4 Nb6 23. Qc3+ Kg6 24. f3 Bf8 25. Qc2 Bg7 26. g4 Bd4+ 27. Nf2 Be3 28. gxf5+ 1-0